Pays francophones (français comme langue officielle) - Statistiques

Statistiques générales
  • Ce quiz a été pris 1 133 fois
  • Le résultat moyen est 17 sur 29
Statistiques - réponses
Continent (population francophone) Pays % Correct
2 Europe (65 342 000) France
97%
14 Europe (8 088 000) Belgique
90%
3 Amérique (10 470 000) Canada
85%
18 Europe (5 402 000) Suisse
84%
10 Afrique (4 277 000) Sénégal
82%
9 Afrique (2 744 000) Mali
79%
26 Europe (521 000) Luxembourg
77%
6 Afrique (7 218 000) Côte d'Ivoire
76%
29 Europe (30 000) Monaco
73%
5 Afrique (9 334 000) Cameroun
72%
7 Afrique (2 439 000) Niger
69%
13 Afrique (2 974 000) Guinée
68%
15 Afrique (3 848 000) Bénin
65%
19 Afrique (2 787 000) Togo
63%
11 Afrique (1 714 000) Tchad
61%
22 Afrique (1 070 000) Gabon
60%
4 Afrique (4 847 000) Madagascar
54%
17 Amérique (4 454 000) Haiti
49%
12 Afrique (700 000) Rwanda
47%
20 Afrique (1 410 000) République centrafricaine
45%
8 Afrique (3 965 000) Burkina Faso
43%
25 Afrique (196 000) Comores
42%
23 Afrique (450 000) Djibouti
42%
24 Afrique (231 000) Guinée équatoriale
42%
16 Afrique (897 000) Burundi
40%
28 Afrique (50 000) Seychelles
37%
27 Océanie (83 000) Vanuatu
37%
1 Afrique (33 222 000) Congo (RDC)
2%
21 Afrique (2 717 000) Congo (RC)
1%
Aucun quiz correspondant
Distribution des résultats
% des personnes avec chaque résultat
Percentile par nombre de réponses
Votre historique - résultats
Vous n’avez pas pris ce quiz